000 00414nam a22001697a 4500
003 MPLRDC
005 20220104113602.0
008 210129b ||||| |||| 00| 0 eng d
082 _a857.62 SBQZ-9
100 _a松本清张
245 _a丧失的礼仪
_c沈西城译
250 _a初版
260 _a
_b天地图书有限公司
_c1980
300 _b
650 _a推理小说
942 _cBK
_o857.62 SBQZ-9
999 _c793
_d783